Eka Aneka: Iduvaregina Lalita Prabandhagalu (Record no. 233650)
[ view plain ]
| 000 -LEADER | |
|---|---|
| fixed length control field | 00745nam a22002057a 4500 |
| 005 - DATE AND TIME OF LATEST TRANSACTION | |
| control field | 20250407104747.0 |
| 008 - FIXED-LENGTH DATA ELEMENTS--GENERAL INFORMATION | |
| fixed length control field | 250117b ||||| |||| 00| 0 eng d |
| 020 ## - INTERNATIONAL STANDARD BOOK NUMBER | |
| International Standard Book Number | 9789392192227 |
| 040 ## - CATALOGING SOURCE | |
| Transcribing agency | AL |
| 041 ## - LANGUAGE CODE | |
| Language code of text/sound track or separate title | Kannada |
| 082 ## - DEWEY DECIMAL CLASSIFICATION NUMBER | |
| Edition number | 23 |
| Classification number | K894.4 |
| Item number | VENE |
| 100 ## - MAIN ENTRY--PERSONAL NAME | |
| Personal name | Venkatesh Machakanur |
| 100 ## - MAIN ENTRY--PERSONAL NAME | |
| 9 (RLIN) | 207702 |
| 100 ## - MAIN ENTRY--PERSONAL NAME | |
| Numeration | ವೆಂಕಟೇಶ ಮಾಚಕನೂರ |
| 9 (RLIN) | 207703 |
| 245 ## - TITLE STATEMENT | |
| Title | Eka Aneka: Iduvaregina Lalita Prabandhagalu |
| Remainder of title | ಏಕ ಅನೇಕ : ಇದುವರೆಗಿನ ಲಲಿತ ಪ್ರಬಂಧಗಳು |
| 260 ## - PUBLICATION, DISTRIBUTION, ETC. | |
| Place of publication, distribution, etc. | Dharwad |
| Name of publisher, distributor, etc. | Manohara Grantha Mala |
| Date of publication, distribution, etc. | 2024 |
| 300 ## - PHYSICAL DESCRIPTION | |
| Extent | xv,458 p. |
| Other physical details | PB |
| Dimensions | 21.5x14 cm. |
| 365 ## - TRADE PRICE | |
| Price type code | BLCR-000067 |
| Price amount | ₹520.00 |
| Currency code | ₹ |
| Unit of pricing | ₹650.00 |
| Price note | 20% |
| Price effective from | 13-01-2025 |
| 650 ## - SUBJECT ADDED ENTRY--TOPICAL TERM | |
| Topical term or geographic name entry element | Kannada Prose |
| 9 (RLIN) | 193817 |
| 942 ## - ADDED ENTRY ELEMENTS (KOHA) | |
| Source of classification or shelving scheme | Dewey Decimal Classification |
| Koha item type | Book |
| Withdrawn status | Lost status | Source of classification or shelving scheme | Damaged status | Not for loan | Collection code | Home library | Current library | Date acquired | Source of acquisition | Cost, normal purchase price | Total Checkouts | Full call number | Barcode | Date last seen | Cost, replacement price | Price effective from | Koha item type |
|---|---|---|---|---|---|---|---|---|---|---|---|---|---|---|---|---|---|
| Dewey Decimal Classification | Kannada | St Aloysius Library | St Aloysius Library | 01/16/2025 | Navakarnataka Publications Pvt Ltd Mangaluru-575001 | 520.00 | K894.4 VENE | 077527 | 01/17/2025 | 650.00 | 01/17/2025 | Book |